000 01111nam a2200301 4500
001 0000017680
003 CO-CtgCURN
005 20250429224131.0
007 ta
008 160627s1999 000 0 eng d
020 _a9508020946
040 _aCO-CtgCURN
_bspa
_ccoctgcurn
082 0 _a361.24
_bM437
100 1 _aMatus Sepulveda, Teresa.
245 1 0 _aPropuestas contemporaneas en Trabajo Social :
_bhacia una intervencion polifonica /
_cTeresa Matus Sepulveda.
260 _aBuenos Aires :
_bEspacio,
_c1999.
300 _a224 p.
336 _2rdacontent
337 _2rdamedia
_asin mediacion
_bn
338 _2rdacarrier
_avolumen
_bnc
505 8 _aLos requisitos de una intervencion social fundada.--Modernidad y totalidad: dos cuestiones sustantivas en una intervencion polifonica
650 1 4 _aTrabajo Social
_vHistoria.
908 _a160627
942 _cBK
_h361.24
_iM437
_2ddc
999 _c40182
_d40182